Statistics for The Most Populated Country For Every Letter

Click here to take the quiz!

General Stats

  • This quiz has been taken 70 times
  • The average score is 21 of 24

Answer Stats

LetterPopulationAnswer% Correct
C1,381,790,000China
99%
I1,312,590,000India
99%
F66,984,000France
97%
R146,838,993Russia
97%
U324,596,000United States
97%
B207,158,000Brazil
94%
Q2,576,181Qatar
94%
Y27,478,000Yemen
94%
G82,800,000Germany
93%
J126,860,000Japan
91%
N186,988,000Nigeria
91%
V92,700,000Vietnam
91%
O4,573,075Oman
90%
A43,850,000Argentina
88%
Z15,933,883Zambia
88%
P196,492,000Pakistan
87%
E101,853,000Ethiopia
84%
M122,273,000Mexico
81%
T79,814,871Turkey
80%
L6,492,400Laos
77%
H11,078,033Haiti
74%
D82,243,000Democratic Republic of the Congo
71%
K47,251,000Kenya
68%
S55,908,000South Africa
65%

Score Distribution

Percentile by Number Answered

Percent of People with Each Score

Your Score History

You have not taken this quiz